A reformist thought to fiscal reform and budget management (Record no. 525627)

000 -LEADER
fixed length control field 01298nam a22001457a 4500
008 - FIXED-LENGTH DATA ELEMENTS--GENERAL INFORMATION
fixed length control field 240328b ||||| |||| 00| 0 eng d
100 ## - MAIN ENTRY--PERSONAL NAME
Personal name Kamila, A., Bansal, R. and Mishra, R.
245 ## - TITLE STATEMENT
Title A reformist thought to fiscal reform and budget management
260 ## - PUBLICATION, DISTRIBUTION, ETC. (IMPRINT)
Place of publication, distribution, etc Vikalpa: The Journal for Decision Makers
300 ## - PHYSICAL DESCRIPTION
Extent 48(4), Oct-Dec, 2023: p.247-254
520 ## - SUMMARY, ETC.
Summary, etc The Fiscal Reform and Budget Management (FRBM) Act 2003 (and its subsequent amendments) and similar fiscal responsibility laws were legislated to rein in fiscal deficits often driven by factors other than economic imperative. This paper shows that such laws have not promoted counter-cyclical fiscal policy because of a lacuna in design, viz. measurement of fiscal deficit-as-a-share of gross domestic product (GDP). The remedy lies in targeting the cyclically adjusted fiscal deficit-as-a-share-of potential GDP instead, which correctly reflects the true fiscal position, allowing elbowroom for appropriate fiscal action for macroeconomic-stabilisation. The paper discusses ways to institutionalise the same and way forward therein. – Reproduced

https://journals.sagepub.com/doi/full/10.1177/02560909221144502
773 ## - HOST ITEM ENTRY
Main entry heading Vikalpa: The Journal for Decision Makers
906 ## - LOCAL DATA ELEMENT F, LDF (RLIN)
Subject DIP PUBLIC FINANCE
942 ## - ADDED ENTRY ELEMENTS (KOHA)
Item type Articles
Holdings
Withdrawn status Lost status Source of classification or shelving scheme Damaged status Not for loan Permanent location Current location Date acquired Serial Enumeration / chronology Barcode Date last seen Koha item type
          Indian Institute of Public Administration Indian Institute of Public Administration 2024-03-28 48(4), Oct-Dec, 2023: p.247-254 AR131424 2024-03-28 Articles

Powered by Koha